000 00508nam a2200157 a 4500
001 000035519
005 20200930074413.0
008 111103s1995 mx 000 0 spa d
020 _a9700505898
040 _aDO-SdBNP
_bspa
_cBNPHU
082 _axxx
_bL353a
100 1 _aLathrop, Allan
_961403
245 1 0 _aAprendiendo del milagro japonés :
_btecnología ejecutiva : su aplicación en las empresas latinoaméricanas /
_cAllan Lathrop.
260 _aMéxico :
_bGrijalbo,
_c1995.
300 _a158 p. ;
_c24 cm.
999 _c35010
_d35010